Quiz o XVIII wieku - Statystyki

Ogólne statystyki
  • Ten quiz został rozwiązany 39 razy
  • Średni wynik to 6 z 17
Statystyki odpowiedzi
Hint Odpowiedź % Poprawnych
Dynastia, która objęła władze w Hiszpanii po Habsburgach Burbonowie
81%
Miasto wybudowane przez Rosjan u ujścia rzeki Newy Sankt Petersburg
69%
Data wybuchu Rewolucji Francuskiej 1789
63%
Trzy państwa, które dokonały rozbiorów Rzeczpospolitej Prusy, Rosja, Monarchia Habsburgów
63%
Bitwa, która przyczyniła się do pokonania Szwedów na Ukrainiew III wojnie północnej Bitwa pod Połtawą
47%
W którym roku wybucha wojna siedmioletnia? 1756
41%
Główny dowódca wojsk szwedzkich w III wojnie północnej Karol XII
38%
Następca Karola VI Maria Teresa
34%
Jak nazywa się wydarzenie, kiedy umiera Elżbieta II, a jej miejscezastępuje Piotr III, wycofując Rosję z wojny siedmioletniej? Cud Domu Brandenburskiego
31%
W którym roku rozpoczął się kolonialny konflikt brytyjsko-francuski? 1754
25%
Jak nazywał się dowódca, który odniósł zwycięstwo pod Rossbach? Fryderyk II Wielki
25%
Jaki konflikt austriacko-pruski ta wojna zapoczątkowała? Wojny śląskie
25%
Na tereny jakiego państwa weszły wojska pruskie zapoczątkowującwojnę siedmioletnią? Saksonii
22%
Jaka wojna wybuchła w skutek tej sukcesji? Wojna o sukcesję austriacką
22%
Główny traktat kończący wojnę siedmioletnią Traktat paryski
19%
Co było największą klęską tego generała? Bitwa pod Kunowicami
6%
Jak nazwano wydarzenie sojuszu Austrii i Francji? rewolucja dyplomatyczna
3%
Nie znaleziono quizów pasujących do podanych kryteriów
Rozkład punktacji
Procent ludzi z każdym wynikiem
Percentyl według liczby udzielonych odpowiedzi
Twoja historia wyników
Nie rozwiązałeś tego quizu